| 000 | 00965nam a2200277 i 4500 | ||
|---|---|---|---|
| 001 | 94081 | ||
| 003 | ES-MaACL | ||
| 005 | 20250817062552.0 | ||
| 007 | t| | ||
| 008 | 050617s2005 sp ||||1| spa d | ||
| 020 | _a84-7075-525-0 | ||
| 020 | _a84-89935-52-1 | ||
| 080 | _a7.036(083.824) | ||
| 245 | 0 | 0 |
_aContemporánea : _bKunstmuseum Wolfsburg Kunst, Fundación Juan March [exposición], 4 febrero-10 abril 2005 / _c[Araki ... et al. ; textos Gijs van Tuyl ... et al.]. |
| 260 |
_a[Madrid] : _bFundación Juan March : _bEditorial de Arte y Ciencia, _c[2005] |
||
| 300 |
_a219 p. : _bprincipalmente il. ; _c30 cm. |
||
| 500 | _aTexto en español e inglés. | ||
| 650 | 4 |
_aArte- _yS.XX- _vExposiciones. _910140 |
|
| 655 | 7 |
_2tgfbne _9193628 _aCatálogos de exposiciones |
|
| 700 | 1 |
_aAraki. _922215 |
|
| 700 | 1 |
_aTuyl, Gijs van. _9111789 |
|
| 710 | 2 |
_aFundación Juan March _94346 |
|
| 852 |
_aES-MaACL _jL-29164 |
||
| 942 | _2udc | ||
| 999 |
_c94081 _d94081 |
||